000
00245nam a2200097Ia 4500
008
230508s2004 xx 000 0 und d
041
_a
eng
100
_a
UTTURKAR , SIGHAL
245
_a
THEORY OF MACHINES
260
_b
NIRALI PUBLI,PUNE
_c
2004
_g
2004
999
_c
342326
_d
342326